00329 2200133 4500001002100000005001500021035002000036245003900056100002000095260003600115082000800151084001400159990002200173INLIS00000000000245420250604104016 a0010-06250000401 aHadi Dan Zumala /cNajib Kartapati0 aNajib Kartapati aJakarta :bBalai Pustaka,c2000 a813 a813 NAJ h a000124 s/d 000126